Will the EU`s regional plans undermine the UK`s? (Record no. 59435)

MARC details
000 -LEADER
fixed length control field 00831cab a2200205 4500
001 - CONTROL NUMBER
control field ABS60680
008 - FIXED-LENGTH DATA ELEMENTS--GENERAL INFORMATION
fixed length control field 090401t1999 xxu||||| |||| 00| 0 eng d
035 ## - SYSTEM CONTROL NUMBER
System control number (Sirsi) u93767
041 ## - LANGUAGE CODE
Language code of text/sound track or separate title eng
100 ## - MAIN ENTRY--PERSONAL NAME
Personal name McCafferty, A.
245 ## - TITLE STATEMENT
Title Will the EU`s regional plans undermine the UK`s?
260 ## - PUBLICATION, DISTRIBUTION, ETC.
Date of publication, distribution, etc. 1999
350 ## - PRICE (NR) (BK AM CF MU VM SE) [OBSOLETE]
Price 0
490 ## - SERIES STATEMENT
Series statement CSM
-- Chartered Surveyor Monthly
Volume/sequential designation 8(9) May 1999, 30(1)
520 ## - SUMMARY, ETC.
Summary, etc. Discusses the aims of the anticipated European Spatial Development Perspective which is due to be published by the European Commission soon, as an advisory document encouraging good practice. Considers the issues which must be resolved before the document can become more prescriptive.
650 ## - SUBJECT ADDED ENTRY--TOPICAL TERM
Topical term or geographic name entry element EUROPEAN SPATIAL DEVELOPMENT PERSPECTIVE
690 ## - LOCAL SUBJECT ADDED ENTRY--TOPICAL TERM (OCLC, RLIN)
Topical term or geographic name as entry element PLANNING LAW AND PRACTICE
942 ## - ADDED ENTRY ELEMENTS (KOHA)
Suppress in OPAC 0
948 ## - LOCAL PROCESSING INFORMATION (OCLC); SERIES PART DESIGNATOR (RLIN)
c (OCLC) 03/06/1999
Holdings
Withdrawn status Lost status Source of classification or shelving scheme Damaged status Not for loan Home library Current library Shelving location Date acquired Total Checkouts Full call number Barcode Date last seen Copy number Price effective from Koha item type
    Dewey Decimal Classification     London London Journal article 14/09/1999   ABS60680 93767-1001 06/08/2019 1 06/08/2019 Journal article